The levelling : what's next after globalization

Bibliographic Details
Main Author: O'Sullivan, Michael
Format: Book
Published: New York : PublicAffairs , 2019
Subjects:

MARC

LEADER 00000cam a2200000 7i4500
001 0000242586
005 20200619152314.0
020 |a 9781541724068 
090 0 0 |a 305   |b OSU 
100 1 |a O'Sullivan, Michael 
245 1 4 |a The levelling :   |b what's next after globalization   |c Michael O'Sullivan 
260 |a New York :   |b PublicAffairs ,   |c 2019 
300 |a 358p. ;   |c 24cm. 
650 0 |a Equality 
650 0 |a Populism 
650 0 |a Social stratification 
999 |a 00380816   |b BUKU   |c PINJAMAN   |e PERPUSTAKAAN KOMUNITI PETALING JAYA